000 00441pab a2200169 454500
008 180718b1997 xxu||||| |||| 00| 0 eng d
100 _aShahbuddin, Syed
245 _aMuslim Indians and Deve Gowda government: the balance sheet
260 _c1997
300 _ap.18-21
362 _aJul
650 _aSecularism - India
650 _aMinority groups - India
650 _aMinority groups
773 _aPolitics India
909 _a35057
999 _c35057
_d35057